书目信息 |
| 题名: |
热带非洲政治史
|
|
| 作者: | 罗特伯格 著 ;上海电影译制厂翻译组 译 | |
| 分册: | 下册 | |
| 出版信息: | 上海 上海人民出版社 1977.2 |
|
| 页数: | 402-835页 | |
| 开本: | 19cm | |
| 丛书名: | ||
| 单 册: | ||
| 中图分类: | K400 | |
| 科图分类: | ||
| 主题词: | 非洲--历史 | |
| 电子资源: | ||
| ISBN: | ||
| 000 | 00740nam0 2200229 45 | |
| 001 | 0212170960 | |
| 005 | 20060725173618.14 | |
| 010 | @dCNY2.55 | |
| 091 | @a11171.100 | |
| 100 | @a20021217d1977 km y0chiy0120 ea | |
| 101 | 0 | @achi@ceng |
| 105 | @ab z 000yy | |
| 200 | 1 | @a热带非洲政治史@ARe Dai Fei Zhou Zheng Zhi Shi@h下册@f(美)罗伯特·罗特伯格著@F(Mei)Luo Bo Te·Luo Te Bo Ge Zhu@g上海电影译制厂翻译组译 |
| 210 | @a上海@c上海人民出版社@d1977.2 | |
| 215 | @a402-835页@c地图@d19cm | |
| 300 | @a内部参考读物 | |
| 606 | 0 | @a非洲@x历史 |
| 690 | @aK400@v3 | |
| 701 | 0 | @a罗特伯格@4著 |
| 711 | 02 | @a上海电影译制厂翻译组@AShang Hai Dian Ying Yi Zhi Chang Fan Yi Zu@4译 |
| 801 | @aCN@bTSTC@c20060725 | |
| 905 | @dK400@e7:2@f2@b228303-304 | |
| 热带非洲政治史.下册/(美)罗伯特·罗特伯格著/上海电影译制厂翻译组译.-上海:上海人民出版社,1977.2 |
| 402-835页:地图;19cm |
| 内部参考读物 |
| ISBN :CNY2.55 |
| ● |
| 相关链接 |
|
|
|
|
正题名:热带非洲政治史
索取号:K400/7:2
 
预约/预借
| 序号 | 登录号 | 条形码 | 馆藏地/架位号 | 状态 | 备注 |
| 1 | 0022783 | 001926018 | 密集书库/ [索取号:K400/7:2] | 在馆 | |
| 2 | 0219140 | 001737222 | 第二借阅区/ [索取号:K400/7:2] | 在馆 | |
| 3 | 0228303 | 000359953 | 第二样本阅览室/ [索取号:K400/7:2] | 在馆 | |
| 4 | 0228304 | 000359891 | 第二借阅区/ [索取号:K400/7:2] | 在馆 | |
| 5 | 0436289 | 204362894 | 密集书库/ [索取号:K400/7:2] | 在馆 |